Resumen crítico del curso de 1924 a 1925 [y 1925-26] y anuario de la Corporación / (Record no. 138614)

MARC details
000 -LEADER
campo de control de longitud fija 00837nam a2200205 4500
001 - NÚMERO DE CONTROL
campo de control 138614
003 - IDENTIFICADOR DE NÚMERO DE CONTROL
campo de control ES-MaACL
005 - FECHA Y HORA DE LA ÚLTIMA TRANSACCIÓN
campo de control 20260127062546.0
007 - CAMPO FIJO DE DESCRIPCIÓN FÍSICA--INFORMACIÓN GENERAL
campo de control de longitud fija t|
008 - DATOS DE LONGITUD FIJA--INFORMACIÓN GENERAL
campo de control de longitud fija 070214m19251926sp r ||||1| spa d
100 1# - ENTRADA PRINCIPAL--NOMBRE DE PERSONA
Nombre de persona Santamaría y de Rojas, Vicente,
Títulos y otros términos asociados al nombre Conde de Santa María de Paredes,
Fechas asociadas al nombre n.1889
9 (RLIN) 103316
245 10 - MENCIÓN DEL TÍTULO
Título Resumen crítico del curso de 1924 a 1925 [y 1925-26] y anuario de la Corporación /
Mención de responsabilidad, etc. Vicente Santamaría y de Rojas.
260 ## - PUBLICACIÓN, DISTRIBUCIÓN, ETC.
Lugar de publicación, distribución, etc. Madrid :
Nombre del editor, distribuidor, etc. Reus,
Fecha de publicación, distribución, etc. 1925-1926.
300 ## - DESCRIPCIÓN FÍSICA
Extensión 86 p. ;
Dimensiones 24 x 17 cm.
594 ## - Nota al título y mención de responsabilidad
Nota al título y mención de responsabilidad Precede al tít.: Real Academia de Jurisprudencia y Legislación.
600 #0 - PUNTO DE ACCESO ADICIONAL DE MATERIA--NOMBRE DE PERSONA
Nombre de persona Real Academia de Jurisprudencia y Legislación de España
9 (RLIN) 217612
700 ## - ENTRADA AGREGADA--NOMBRE PERSONAL
Nombre de persona Real Academia de Jurisprudencia y Legislación de España
9 (RLIN) 217612
852 ## - LOCALIZACIÓN
Ubicación ES-MaACL
Número de control de estantería 1693-F-13
Holdings
Estatus retirado Estado de pérdida Estado de daño No para préstamo Colección Biblioteca de origen Biblioteca actual Ubicación en estantería Fecha de adquisición Fuente de adquisición Total de préstamos Signatura topográfica completa Código de barras Visto por última vez Precio de reemplazo Tipo de ítem Koha
        Colección de folletos Biblioteca del Ateneo de Madrid Biblioteca del Ateneo de Madrid Depósito folletos 17/01/2008     1693-F-13 1144241 23/02/2023 23/02/2023 Folleto